Building places that work for everyone (Record no. 115980)

MARC details
000 -LEADER
fixed length control field 01368cad a22002295a 4500
001 - CONTROL NUMBER
control field L159534
008 - FIXED-LENGTH DATA ELEMENTS--GENERAL INFORMATION
fixed length control field 160318s2017 xxk f 000 0 eng d
035 ## - SYSTEM CONTROL NUMBER
System control number (Sirsi) u159534
041 0# - LANGUAGE CODE
Language code of text/sound track or separate title eng
110 2# - MAIN ENTRY--CORPORATE NAME
Corporate name or jurisdiction name as entry element UK Green Building Council
9 (RLIN) 5440
245 00 - TITLE STATEMENT
Title Building places that work for everyone
Remainder of title industry insights into key Government priorities
Medium [electronic resource]
260 ## - PUBLICATION, DISTRIBUTION, ETC.
Place of publication, distribution, etc. London
Name of publisher, distributor, etc. Green Building Council
Date of publication, distribution, etc. 2017
505 2# - FORMATTED CONTENTS NOTE
Formatted contents note Delivering the homes the UK needs -- Getting bills down, for families and businesses -- Healthier places to live and work -- A world-class, productive industry, with good quality jobs in every region -- Supporting thriving, socially cohesive communities -- The role of policy in making this happen.
520 ## - SUMMARY, ETC.
Summary, etc. The report argues that off-site manufacture can cut construction waste, produce homes that are better built and cheaper to run, and enable quicker and more reliable build times. Produced in consultation with industry, it also discusses how to achieve the UK?s legally binding carbon reduction targets.
590 ## - LOCAL NOTE (RLIN)
Local note KA
650 24 - SUBJECT ADDED ENTRY--TOPICAL TERM
Topical term or geographic name entry element OFF-SITE MANUFACTURING
650 24 - SUBJECT ADDED ENTRY--TOPICAL TERM
Topical term or geographic name entry element CARBON REDUCTION
651 #4 - SUBJECT ADDED ENTRY--GEOGRAPHIC NAME
Geographic name United Kingdom
690 ## - LOCAL SUBJECT ADDED ENTRY--TOPICAL TERM (OCLC, RLIN)
Topical term or geographic name as entry element Sustainability
9 (RLIN) 6271
856 40 - ELECTRONIC LOCATION AND ACCESS
Uniform Resource Identifier <a href="https://www.ukgbc.org/sites/default/files/08488%20Places%20for%20Everyone%20WEB.pdf">https://www.ukgbc.org/sites/default/files/08488%20Places%20for%20Everyone%20WEB.pdf</a>
Public note View the item free of charge at www.ukgbc.org
942 ## - ADDED ENTRY ELEMENTS (KOHA)
Suppress in OPAC 0
Holdings
Withdrawn status Lost status Source of classification or shelving scheme Damaged status Not for loan Home library Current library Shelving location Date acquired Total Checkouts Full call number Barcode Date last seen Copy number Price effective from Koha item type
    Dewey Decimal Classification     Virtual Virtual Online 22/08/2017   ONLINE PUBLICATION 159534-2001 06/08/2019 1 06/08/2019 Book